Principles of Traffic and Highway Engineering (Record no. 341578)

MARC details
000 -LEADER
fixed length control field 00341nam a22001337a 4500
020 ## - INTERNATIONAL STANDARD BOOK NUMBER
International Standard Book Number 9788131512463
082 ## - DEWEY DECIMAL CLASSIFICATION NUMBER
Classification number 625.7
Item number GAR/PR
100 ## - MAIN ENTRY--PERSONAL NAME
Personal name Garber,Nicholas J.
9 (RLIN) 654
100 ## - MAIN ENTRY--PERSONAL NAME
Personal name Raju Sarkar
9 (RLIN) 655
245 ## - TITLE STATEMENT
Title Principles of Traffic and Highway Engineering
260 ## - PUBLICATION, DISTRIBUTION, ETC. (IMPRINT)
Place of publication, distribution, etc. New Delhi
Name of publisher, distributor, etc. Cengage Learning
Date of publication, distribution, etc. 2012
300 ## - PHYSICAL DESCRIPTION
Extent 991
942 ## - ADDED ENTRY ELEMENTS (KOHA)
Koha item type Books (General)
Holdings
Withdrawn status Lost status Damaged status Not for loan Collection code Home library Current library Shelving location Date acquired Source of acquisition Cost, normal purchase price Total Checkouts Full call number Barcode Date last seen Price effective from Koha item type
          Kelappaji College of Agricultural Engineering & Technology Library, Tavanur Kelappaji College of Agricultural Engineering & Technology Library, Tavanur   30/03/2013 Aman Book Stall, Calicut 695.00   625.7 GAR/PR KAU_KCAEFT-24100 29/06/2016 29/06/2016 Books (General)
Kerala Agricultural University Central Library
Thrissur-(Dt.), Kerala Pin:- 680656, India
Ph : (+91)(487) 2372219
E-mail: librarian@kau.in
Website: http://library.kau.in/